[Event "4NCL Division Four"]
[Site "Warwick, ENG"]
[Date "2023.05.01"]
[Round "11.122"]
[White "Agarwal, Aditi"]
[Black "OShea, Colm"]
[Result "0-1"]
[WhiteElo "1578"]
[BlackElo "1861"]
[PlyCount "66"]
[EventDate "2023.05.01"]
[WhiteTeam "She Plays To Win Uni"]
[BlackTeam "Cambridge University 3"]

1. Nf3 d5 2. g3 g6 3. Bg2 Bg7 4. d3 e5 5. Nbd2 Ne7 6. O-O O-O 7. e4 c6 8. Re1
Re8 9. h3 h6 10. Nh2 Be6 11. Re2 Qd7 12. Qf1 Qc7 13. c3 Nd7 14. Nb3 a5 15. a4
dxe4 16. Bxe4 Bxb3 17. c4 Nc5 18. Ra3 b5 19. axb5 Nxe4 20. Rxe4 a4 21. f4 cxb5
22. cxb5 Qb6+ 23. Be3 Qxb5 24. Ng4 Nf5 25. Kh2 Bd5 26. Qf2 Bxe4 27. dxe4 Nxe3
28. Rxe3 exf4 29. Qxf4 Qxb2+ 30. Kh1 Qc1+ 31. Kh2 a3 32. Nxh6+ Bxh6 33. Qxh6
Rxe4 0-1

[Event "4NCL Division Four"]
[Site "Warwick, ENG"]
[Date "2023.05.01"]
[Round "11.123"]
[White "Phillips, William"]
[Black "Ravi, Vash"]
[Result "1-0"]
[WhiteElo "1812"]
[BlackElo "1434"]
[PlyCount "73"]
[EventDate "2023.05.01"]
[WhiteTeam "Cambridge University 3"]
[BlackTeam "She Plays To Win Uni"]

1. d4 d5 2. Nf3 Nf6 3. Bf4 e6 4. e3 Bd6 5. Bg3 Ne4 6. Bd3 Nxg3 7. hxg3 Nd7 8.
Nbd2 b6 9. c3 Bb7 10. Qc2 e5 11. dxe5 Nxe5 12. Nxe5 Bxe5 13. O-O-O g6 14. f4
Bg7 15. Nf3 Qe7 16. Rhe1 f5 17. Qa4+ Kf8 18. Ba6 Bxa6 19. Qxa6 c6 20. Nd4 Qd7
21. g4 fxg4 22. e4 c5 23. Nc2 d4 24. e5 Qf5 25. cxd4 Qxf4+ 26. Kb1 Ke8 27. Qb7
Rd8 28. Rf1 Rd7 29. Qc8+ Ke7 30. Qxd7+ Kxd7 31. Rxf4 cxd4 32. Rf7+ Ke6 33. Rxg7
Kxe5 34. Rxd4 Rf8 35. Re7+ Kf6 36. Rxh7 Kg5 37. Ne3 1-0

[Event "4NCL Division Four"]
[Site "Warwick, ENG"]
[Date "2023.05.01"]
[Round "11.124"]
[White "Mohan, Meghana"]
[Black "Breed, Greg J"]
[Result "0-1"]
[WhiteElo "1515"]
[BlackElo "1782"]
[PlyCount "72"]
[EventDate "2023.05.01"]
[WhiteTeam "She Plays To Win Uni"]
[BlackTeam "Cambridge University 3"]

1. Nf3 d5 2. d4 Nf6 3. c4 e6 4. g3 c6 5. Bg2 Bb4+ 6. Bd2 Qa5 7. O-O O-O 8. Nc3
Nbd7 9. Re1 dxc4 10. e4 b5 11. Bg5 Bxc3 12. bxc3 Qxc3 13. a4 Qb4 14. axb5 cxb5
15. e5 Nd5 16. Rb1 Qa5 17. Ra1 Qb6 18. Qc1 Bb7 19. Re4 Nc3 20. Re1 b4 21. Be3
Bd5 22. Nd2 Qc6 23. Bxd5 Qxd5 24. Nb1 Nxb1 25. Rxb1 a5 26. Re2 Nb6 27. Bd2 Qxd4
28. Bxb4 axb4 29. Rxb4 Ra1 30. Rb1 Rxb1 31. Qxb1 Qd3 32. Rc2 Nd7 33. Qa2 Nxe5
34. Re2 Qd1+ 35. Kg2 Qd5+ 36. Kf1 Qh1# 0-1

[Event "4NCL Division Four"]
[Site "Warwick, ENG"]
[Date "2023.05.01"]
[Round "11.125"]
[White "Kumar, Santosh"]
[Black "Shrivastava, Tia"]
[Result "0-1"]
[WhiteElo "1400"]
[BlackElo "1334"]
[PlyCount "120"]
[EventDate "2023.05.01"]
[WhiteTeam "Cambridge University 3"]
[BlackTeam "She Plays To Win Uni"]

1. e4 d5 2. f3 dxe4 3. fxe4 e6 4. Nc3 e5 5. Bc4 Bc5 6. Qf3 Qf6 7. b3 c6 8. Bb2
Bxg1 9. Qxf6 Nxf6 10. Rxg1 b5 11. Be2 b4 12. Na4 Nxe4 13. Bd3 Ng5 14. Bxe5 f6
15. Bf4 Ne6 16. Be3 O-O 17. O-O-O Nd7 18. Bc4 Ne5 19. Bc5 Rf7 20. Bxb4 Nxc4 21.
bxc4 Nd4 22. Rde1 Bf5 23. d3 Bg6 24. Bc3 Nf5 25. Rgf1 Rb8 26. Nc5 Re7 27. g4
Rxe1+ 28. Rxe1 Nd6 29. Re6 Nb7 30. Nxb7 Rxb7 31. Rxc6 Be8 32. Re6 Bd7 33. Re4
Kf7 34. Rf4 Kg6 35. h4 h5 36. gxh5+ Kxh5 37. Be1 Rb6 38. Rd4 Rb7 39. Rd5+ f5
40. c5 g6 41. Rd6 Rc7 42. d4 Bb5 43. Bf2 g5 44. hxg5 Kxg5 45. d5 f4 46. c6 Kf5
47. Rd7 Rxd7 48. cxd7 Bxd7 49. c4 Ke4 50. Bxa7 Bc8 51. a4 Bb7 52. d6 Bc6 53.
Bb8 Kf5 54. a5 Ke6 55. c5 f3 56. d7 Kxd7 57. Bh2 f2 58. Kd2 f1=Q 59. Be5 Qf2+
60. Kc3 Qxc5+ 0-1

[Event "4NCL Division Four"]
[Site "Warwick, ENG"]
[Date "2023.05.01"]
[Round "11.126"]
[White "Brown, Stephanie"]
[Black "Sharma, Rajeev"]
[Result "1-0"]
[WhiteElo "1267"]
[BlackElo "1250"]
[PlyCount "77"]
[EventDate "2023.05.01"]
[WhiteTeam "She Plays To Win Uni"]
[BlackTeam "Cambridge University 3"]

1. d4 d5 2. c4 dxc4 3. e4 b5 4. a4 c6 5. axb5 cxb5 6. Nc3 a6 7. Nxb5 Bb7 8. Nc3
Qc7 9. Qa4+ Nd7 10. Bxc4 e6 11. Nge2 Ne7 12. Bf4 Qc6 13. O-O Qxa4 14. Rxa4 Nc6
15. d5 exd5 16. Nxd5 Ra7 17. Nc7+ Kd8 18. Bxf7 Be7 19. Rd1 g5 20. Bg3 Rf8 21.
Ne6+ Kc8 22. Nxf8 Bxf8 23. Be6 Ncb8 24. Bxb8 Kxb8 25. Rxd7 Bc5 26. Rc4 Bb6 27.
Rxh7 a5 28. Rh8+ Bc8 29. Rcxc8+ Kb7 30. Bd5+ Ka6 31. Bc4+ Kb7 32. Rcg8 Kc6 33.
Rxg5 Rd7 34. Bb5+ Kc7 35. Bxd7 Kxd7 36. Rh6 Ke7 37. Rg7+ Kf8 38. Rb7 Kg8 39.
Rc6 1-0

[Event "4NCL Division Four"]
[Site "Warwick, ENG"]
[Date "2023.05.01"]
[Round "11.131"]
[White "Ajimal, Jet"]
[Black "Shah, Meet"]
[Result "0-1"]
[WhiteElo "1673"]
[BlackElo "1889"]
[PlyCount "124"]
[EventDate "2023.05.01"]
[WhiteTeam "Deaf England"]
[BlackTeam "Wessex Some Stars B"]

1. e4 e6 2. d4 d5 3. Nd2 Nf6 4. e5 Nfd7 5. Bd3 c5 6. c3 Nc6 7. Ne2 Qb6 8. Nf3
h6 9. O-O Be7 10. Rb1 cxd4 11. cxd4 Nb4 12. a3 Nxd3 13. Qxd3 Nf8 14. Be3 Bd7
15. Rfc1 Bb5 16. Qd2 Qa6 17. Nc3 Bd3 18. Ra1 Ng6 19. Ne1 Bc4 20. b4 O-O 21. Nf3
f6 22. Bxh6 gxh6 23. Qxh6 Bd3 24. Nh4 Nxh4 25. Qxh4 Rf7 26. b5 Qa5 27. Qg3+ Rg7
28. Qxd3 fxe5 29. dxe5 Rf8 30. Ne2 Qb6 31. Qd4 Qxb5 32. Ng3 Bd8 33. Qb4 Qxb4
34. axb4 Bb6 35. Ra2 Rf4 36. Nh5 Rxb4 37. Nxg7 Kxg7 38. Kf1 Kg6 39. g3 Kf5 40.
f4 d4 41. Rc8 d3 42. Rf8+ Ke4 43. Kg2 Rd4 44. Rf6 d2 45. Rxd2 Rxd2+ 46. Kh3 Kd5
47. g4 Bg1 48. g5 Rxh2+ 49. Kg3 Rh7 50. Kg4 b5 51. g6 Rh8 52. Kg5 b4 53. g7 Rg8
54. Kg6 b3 55. Rf7 b2 56. Rb7 Bb6 57. Rd7+ Ke4 58. Rd1 Bd4 59. Kf7 Rxg7+ 60.
Kxg7 Kf5 61. Kf7 a5 62. Rh1 a4 0-1

[Event "4NCL Division Four"]
[Site "Warwick, ENG"]
[Date "2023.05.01"]
[Round "11.132"]
[White "Deacon, David J"]
[Black "Freund, Michael P"]
[Result "1/2-1/2"]
[WhiteElo "1854"]
[BlackElo "1633"]
[PlyCount "58"]
[EventDate "2023.05.01"]
[WhiteTeam "Wessex Some Stars B"]
[BlackTeam "Deaf England"]

1. d4 e6 2. c4 d5 3. g3 Nf6 4. Nf3 c6 5. Bg2 Bd6 6. O-O O-O 7. Qc2 Nbd7 8. Nbd2
Re8 9. e4 dxe4 10. Nxe4 Nxe4 11. Qxe4 Nf6 12. Qc2 e5 13. dxe5 Bxe5 14. Nxe5
Rxe5 15. Bf4 Bf5 16. Qb3 Re7 17. Rfe1 Rxe1+ 18. Rxe1 Qb6 19. Qxb6 axb6 20. a3
Be6 21. Bc7 Bxc4 22. Bxb6 Bd5 23. Re7 Re8 24. Rxe8+ Nxe8 25. Bh3 Be6 26. Bxe6
fxe6 27. f3 Kf7 28. Kf2 e5 29. Ke3 Ke6 1/2-1/2

[Event "4NCL Division Four"]
[Site "Warwick, ENG"]
[Date "2023.05.01"]
[Round "11.133"]
[White "Hunter, Gary"]
[Black "Deacon, Matthew"]
[Result "0-1"]
[WhiteElo "1546"]
[BlackElo "1800"]
[PlyCount "42"]
[EventDate "2023.05.01"]
[WhiteTeam "Deaf England"]
[BlackTeam "Wessex Some Stars B"]

1. d4 Nf6 2. Nf3 d5 3. e3 Bg4 4. Nbd2 e6 5. Bd3 c5 6. b3 cxd4 7. exd4 Nc6 8.
Bb2 Bd6 9. h3 Bh5 10. O-O O-O 11. Re1 Rc8 12. a3 Qc7 13. Rc1 Bf4 14. Be2 Ne4
15. Rb1 Bxf3 16. Nxf3 f5 17. Bd3 g5 18. Bxe4 fxe4 19. Nd2 Bh2+ 20. Kf1 Rxf2+
21. Kxf2 Qg3+ 0-1

[Event "4NCL Division Four"]
[Site "Warwick, ENG"]
[Date "2023.05.01"]
[Round "11.134"]
[White "Cuthbert, Larissa"]
[Black "Fletcher, Ben J"]
[Result "1/2-1/2"]
[WhiteElo "1536"]
[BlackElo "1299"]
[PlyCount "69"]
[EventDate "2023.05.01"]
[WhiteTeam "Wessex Some Stars B"]
[BlackTeam "Deaf England"]

1. d4 Nf6 2. c4 e6 3. Nc3 Bb4 4. Bd2 c5 5. d5 O-O 6. Nf3 exd5 7. cxd5 Re8 8. e3
d6 9. Bd3 Bxc3 10. Bxc3 Nbd7 11. Bc2 Nb6 12. Ba5 Bd7 13. O-O Nfxd5 14. a3 Qf6
15. e4 Nf4 16. e5 Qe6 17. Bxh7+ Kh8 18. Bd2 dxe5 19. Re1 f6 20. Bxf4 Kxh7 21.
Bxe5 Kg8 22. Bc7 Qf7 23. Bd6 Rxe1+ 24. Nxe1 Bc6 25. Bxc5 Qd5 26. Qxd5+ Nxd5 27.
Nf3 Re8 28. Nd4 b6 29. Bxb6 axb6 30. Nxc6 Nf4 31. Nd4 Nd3 32. b4 Re1+ 33. Rxe1
Nxe1 34. Kf1 Nd3 35. g3 1/2-1/2

[Event "4NCL Division Four"]
[Site "Warwick, ENG"]
[Date "2023.05.01"]
[Round "11.135"]
[White "Simmons, Michael W"]
[Black "Deacon, Nicholas"]
[Result "0-1"]
[WhiteElo "1176"]
[BlackElo "1488"]
[PlyCount "94"]
[EventDate "2023.05.01"]
[WhiteTeam "Deaf England"]
[BlackTeam "Wessex Some Stars B"]

1. d4 Nf6 2. Nf3 g6 3. c3 Bg7 4. Bf4 d6 5. Nbd2 Nbd7 6. e4 O-O 7. Bd3 c5 8. O-O
Nh5 9. Be3 e5 10. Bc4 Nb6 11. Bb3 exd4 12. cxd4 cxd4 13. Bxd4 Bxd4 14. Nxd4 Qf6
15. N2f3 Bg4 16. Qd2 Nf4 17. h3 Bxf3 18. Nxf3 Nxh3+ 19. gxh3 Qxf3 20. Qe3 Qf6
21. Qc3 Qxc3 22. bxc3 Rfe8 23. f3 Rac8 24. Rac1 Re5 25. h4 d5 26. Rfe1 Rh5 27.
exd5 Nxd5 28. Bxd5 Rxd5 29. Re7 Ra5 30. Rc2 b6 31. Kf2 Kg7 32. Kg3 Rc4 33. f4
Rca4 34. Ree2 Rf5 35. c4 b5 36. Re4 Rc5 37. Re5 Rcxc4 38. Rxc4 bxc4 39. Re4
Ra3+ 40. Kf2 c3 41. Ke1 Rxa2 42. Kd1 Rh2 43. Re2 Rxe2 44. Kxe2 Kh6 45. Kd1 Kh5
46. Kc2 Kxh4 47. Kxc3 Kg3 0-1

[Event "4NCL Division Four"]
[Site "Warwick, ENG"]
[Date "2023.05.01"]
[Round "11.141"]
[White "Ladnyuk, Dina"]
[Black "Dairi, Ramsey"]
[Result "0-1"]
[WhiteElo "1606"]
[BlackElo "1578"]
[PlyCount "57"]
[EventDate "2023.05.01"]
[WhiteTeam "Celtic Tigers 3"]
[BlackTeam "Watford B"]

1. c4 f5 2. g3 e5 3. Nc3 Nf6 4. Bg2 Nc6 5. e3 Nb4 6. d4 e4 7. Bf1 d5 8. a3 Nc6
9. c5 a5 10. Bb5 Bd7 11. Nge2 Na7 12. Ba4 b5 13. cxb6 cxb6 14. Bb3 Bc6 15. h4
Bd6 16. O-O h6 17. Kg2 g5 18. hxg5 hxg5 19. Rh1 Kf7 20. Rxh8 Qxh8 21. Qh1 Qg7
22. f4 Rh8 23. Qg1 Qh6 24. Kf2 Qh5 25. fxg5 Qf3+ 26. Ke1 Rh1 27. g6+ Kxg6 28.
Nf4+ Bxf4 29. gxf4+ 0-1

[Event "4NCL Division Four"]
[Site "Warwick, ENG"]
[Date "2023.05.01"]
[Round "11.142"]
[White "Joseph, Tomy"]
[Black "Cranston, Adam"]
[Result "0-1"]
[WhiteElo "1545"]
[BlackElo "1654"]
[PlyCount "58"]
[EventDate "2023.05.01"]
[WhiteTeam "Watford B"]
[BlackTeam "Celtic Tigers 3"]

1. e4 c6 2. Nc3 d5 3. Nf3 Bg4 4. h3 Bxf3 5. Qxf3 e6 6. d4 Nf6 7. e5 Nfd7 8. Bd3
c5 9. Be3 Nc6 10. O-O cxd4 11. Nxd5 dxe3 12. fxe3 Ndxe5 13. Qh5 Qxd5 14. e4 Qd7
15. Bb5 Bd6 16. Rad1 Qc7 17. Qg5 Qb6+ 18. Kh1 Qc7 19. Qxg7 O-O-O 20. Qh6 Rdg8
21. Qd2 Bc5 22. Qc3 Bb6 23. b4 Rg5 24. Bxc6 Qxc6 25. Qe1 Rhg8 26. Rd2 Nc4 27.
Re2 Qc7 28. Rf6 Ne3 29. Qd2 Rxg2 0-1

[Event "4NCL Division Four"]
[Site "Warwick, ENG"]
[Date "2023.05.01"]
[Round "11.143"]
[White "Perchard, Matthew"]
[Black "Tomy, Jake"]
[Result "1-0"]
[WhiteElo "1507"]
[BlackElo "1306"]
[PlyCount "87"]
[EventDate "2023.05.01"]
[WhiteTeam "Celtic Tigers 3"]
[BlackTeam "Watford B"]

1. e4 e5 2. Nf3 Nc6 3. d4 exd4 4. Nxd4 Bc5 5. Nb3 Bb6 6. Nc3 d6 7. Qe2 h6 8.
Be3 Nf6 9. f3 O-O 10. O-O-O Be6 11. g4 d5 12. Bxb6 axb6 13. e5 Nd7 14. f4 f5
15. a3 fxg4 16. Nxd5 Bxd5 17. Rxd5 Ne7 18. Rd3 Qc8 19. Qxg4 Nc5 20. e6 Nxd3+
21. Bxd3 Rf6 22. Nd2 Qf8 23. Rf1 Rd8 24. Ne4 Rg6 25. Qh3 Qf5 26. Qxf5 Nxf5 27.
Ng3 Rxd3 28. Nxf5 Rxe6 29. cxd3 Kf7 30. Kd2 Rf6 31. Ng3 c5 32. Ne4 Rg6 33. Rf2
Rc6 34. Ke3 g6 35. Rc2 h5 36. Rc4 Ke7 37. b4 cxb4 38. axb4 b5 39. Rc5 Rxc5 40.
Nxc5 b6 41. Ne4 Ke6 42. h4 Kd5 43. Ng3 Ke6 44. Ke4 1-0

[Event "4NCL Division Four"]
[Site "Warwick, ENG"]
[Date "2023.05.01"]
[Round "11.144"]
[White "Tomy, Judith"]
[Black "Rigby, Charles"]
[Result "1/2-1/2"]
[WhiteElo "1251"]
[BlackElo "1489"]
[PlyCount "70"]
[EventDate "2023.05.01"]
[WhiteTeam "Watford B"]
[BlackTeam "Celtic Tigers 3"]

1. e4 c6 2. Nf3 d5 3. Nc3 dxe4 4. Nxe4 Nf6 5. Nxf6+ exf6 6. d4 Bd6 7. Be2 O-O
8. O-O Re8 9. Re1 Nd7 10. Bd3 Rxe1+ 11. Qxe1 Nf8 12. Qe4 Ng6 13. Bd2 Be6 14.
Re1 Qd7 15. Nh4 Qc7 16. g3 Rd8 17. c4 Bf8 18. Bf4 Qa5 19. a3 Rxd4 20. Qxd4
Qxe1+ 21. Kg2 Nxh4+ 22. gxh4 b6 23. Qd8 Bxc4 24. Bd6 Bd5+ 25. f3 Qd2+ 26. Kg3
Qe1+ 27. Kf4 Qxh4+ 28. Ke3 Qe1+ 29. Be2 Qg1+ 30. Kd3 Qb1+ 31. Ke3 Qg1+ 32. Kd2
Qd4+ 33. Ke1 Qg1+ 34. Kd2 Qd4+ 35. Ke1 Qg1+ 1/2-1/2

[Event "4NCL Division Four"]
[Site "Warwick, ENG"]
[Date "2023.05.01"]
[Round "11.145"]
[White "Royce, Anastasija"]
[Black "Dairi, Mahmoud"]
[Result "1-0"]
[WhiteElo "1498"]
[BlackElo "1291"]
[PlyCount "83"]
[EventDate "2023.05.01"]
[WhiteTeam "Celtic Tigers 3"]
[BlackTeam "Watford B"]

1. e4 c5 2. Nf3 g6 3. c3 d5 4. e5 Bg7 5. h3 Nc6 6. d4 cxd4 7. cxd4 f6 8. Bb5 a6
9. Bxc6+ bxc6 10. O-O e6 11. b3 Ne7 12. Bb2 O-O 13. Ba3 Rf7 14. exf6 Bxf6 15.
Ne5 Rg7 16. Bxe7 Qxe7 17. Nxc6 Qd6 18. Ne5 Bxe5 19. dxe5 Qxe5 20. Nd2 Qd6 21.
Nf3 a5 22. Qd4 Ba6 23. Rfe1 Re8 24. Qe5 Qxe5 25. Rxe5 Bc8 26. Nd4 Bd7 27. Rae1
Rge7 28. Rc1 Rc8 29. Rxc8+ Bxc8 30. Nc6 Re8 31. Nxa5 d4 32. Nc4 Ba6 33. Nd2 Kf7
34. f4 h6 35. Ne4 Ke7 36. Nc5 Bc8 37. Kf2 Kd6 38. b4 Kc6 39. a4 Kb6 40. Ke2 Kc7
41. Kd3 Kb6 42. Kxd4 1-0

[Event "4NCL Division Four"]
[Site "Warwick, ENG"]
[Date "2023.05.01"]
[Round "11.146"]
[White "Dairi, Daniella"]
[Black "Rose, Peter"]
[Result "0-1"]
[WhiteElo "700"]
[BlackElo "1475"]
[PlyCount "52"]
[EventDate "2023.05.01"]
[WhiteTeam "Watford B"]
[BlackTeam "Celtic Tigers 3"]

1. e4 c6 2. Nc3 d5 3. e5 Bf5 4. d3 e6 5. Nf3 Ne7 6. Be2 Ng6 7. Ng5 Nxe5 8. Bf4
Nbd7 9. d4 Ng6 10. Bh5 h6 11. Nh3 Bxh3 12. gxh3 Nxf4 13. Bf3 Bb4 14. Qd2 Bxc3
15. Qxc3 O-O 16. O-O-O Qg5 17. Kb1 Rfc8 18. h4 Qf6 19. Rdg1 c5 20. Qd2 Qxd4 21.
Qc1 Ne5 22. Bd1 Nh3 23. Rf1 Nxf2 24. Rhg1 Nxd1 25. Rxd1 Qxh4 26. Rd2 Nf3 0-1

[Event "4NCL Division Four"]
[Site "Warwick, ENG"]
[Date "2023.05.01"]
[Round "11.151"]
[White "Wang, Xiling"]
[Black "Donaghay, Richard H"]
[Result "0-1"]
[WhiteElo "1204"]
[BlackElo "1803"]
[PlyCount "80"]
[EventDate "2023.05.01"]
[WhiteTeam "Cambridge University Y2"]
[BlackTeam "Iceni 3"]

1. e4 g6 2. d4 d6 3. Nf3 Bg7 4. Bd3 Nf6 5. O-O O-O 6. Re1 Nbd7 7. Nc3 e5 8. d5
Nc5 9. Be3 b6 10. b3 Ng4 11. Bc1 f5 12. h3 fxe4 13. Bxe4 Nf6 14. Bg5 Qe8 15. b4
Ncd7 16. Qd2 Nh5 17. Bh6 Nf4 18. Bxg7 Kxg7 19. Ne2 Nf6 20. Nc3 Nxh3+ 21. gxh3
Nxe4 22. Rxe4 Rxf3 23. Rh4 Rf4 24. Rxf4 exf4 25. Qxf4 Bxh3 26. Ne4 Qe5 27.
Qxe5+ dxe5 28. Kh2 Bf5 29. Re1 Bxe4 30. Rxe4 Kf6 31. Kg3 b5 32. Kg4 Rd8 33. c4
a6 34. f4 h5+ 35. Kh4 Re8 36. Re2 e4 37. c5 Kf5 38. Kg3 h4+ 39. Kxh4 Kxf4 40.
d6 Rh8# 0-1

[Event "4NCL Division Four"]
[Site "Warwick, ENG"]
[Date "2023.05.01"]
[Round "11.152"]
[White "Usher, Michael E"]
[Black "Santosh Kumar, Darsh"]
[Result "1-0"]
[WhiteElo "1797"]
[BlackElo "1253"]
[PlyCount "73"]
[EventDate "2023.05.01"]
[WhiteTeam "Iceni 3"]
[BlackTeam "Cambridge University Y2"]

1. d4 Nf6 2. Bg5 d5 3. e3 h6 4. Bh4 g5 5. Bg3 e6 6. Nd2 Nc6 7. Ngf3 Bg7 8. c3
b6 9. Bb5 Bb7 10. Ne5 h5 11. h3 h4 12. Bh2 a6 13. Bxc6+ Bxc6 14. Nxc6 Qd7 15.
Ne5 Qe7 16. Qe2 c5 17. f3 c4 18. e4 b5 19. exd5 exd5 20. Nc6 Qxe2+ 21. Kxe2 Nd7
22. Kf2 f5 23. Rae1+ Kf8 24. Bd6+ Kg8 25. Ne7+ Kh7 26. Nxf5 Rae8 27. Nxg7 Kxg7
28. Re7+ Rxe7 29. Bxe7 Kg6 30. Re1 Kf5 31. Nf1 Nf6 32. Ne3+ Kg6 33. Bxf6 Kxf6
34. Nxd5+ Kg6 35. Re6+ Kf5 36. Rxa6 Re8 37. Rf6# 1-0

[Event "4NCL Division Four"]
[Site "Warwick, ENG"]
[Date "2023.05.01"]
[Round "11.153"]
[White "Sharma, Reyansh"]
[Black "Carter, Dominic A"]
[Result "0-1"]
[WhiteElo "1000"]
[BlackElo "1646"]
[PlyCount "64"]
[EventDate "2023.05.01"]
[WhiteTeam "Cambridge University Y2"]
[BlackTeam "Iceni 3"]

1. e4 e5 2. Nf3 Nc6 3. Nc3 g6 4. Bc4 Bg7 5. d3 Nge7 6. Ng5 O-O 7. Nf3 d6 8. h3
Na5 9. b3 a6 10. Bg5 b5 11. Bxe7 Qxe7 12. Bd5 Rb8 13. a4 b4 14. Na2 c6 15. Bc4
d5 16. exd5 Nxc4 17. dxc4 cxd5 18. cxd5 Qc5 19. O-O e4 20. Ng5 Qe7 21. Qd2 Bxa1
22. Rxa1 h6 23. d6 Qe5 24. d7 Qxa1+ 25. Kh2 Bxd7 26. Qxd7 hxg5 27. Nxb4 Rxb4
28. Qd6 Rd4 29. Qxa6 Qc1 30. Qa5 Qf4+ 31. g3 Qxf2+ 32. Kh1 Rd1+ 0-1

[Event "4NCL Division Four"]
[Site "Warwick, ENG"]
[Date "2023.05.01"]
[Round "11.154"]
[White "Kent, Rowan"]
[Black "Parikh, Aadhya"]
[Result "1-0"]
[WhiteElo "1655"]
[BlackElo "796"]
[PlyCount "99"]
[EventDate "2023.05.01"]
[WhiteTeam "Iceni 3"]
[BlackTeam "Cambridge University Y2"]

1. e4 e5 2. Nf3 Nc6 3. Bc4 Bc5 4. c3 Nf6 5. d4 Bd6 6. d5 Ne7 7. Qc2 O-O 8. h3
c6 9. O-O cxd5 10. exd5 Nfxd5 11. Bxd5 Nxd5 12. Rd1 e4 13. Ne1 Qa5 14. Qb3 Qc7
15. Qxd5 Bh2+ 16. Kh1 Re8 17. Be3 Bd6 18. Qxd6 Qc4 19. Nc2 b6 20. Qd5 Qxd5 21.
Rxd5 Bb7 22. Rxd7 Bc8 23. Rc7 Rd8 24. Nd4 Ba6 25. Nd2 Rdc8 26. Rxc8+ Rxc8 27.
Nxe4 Bd3 28. f3 Bxe4 29. fxe4 Re8 30. Re1 Rxe4 31. Bd2 Rxe1+ 32. Bxe1 a5 33.
Nb5 h6 34. Bf2 Kh8 35. Bxb6 a4 36. c4 Kg8 37. c5 Kf8 38. c6 Ke8 39. c7 Kd7 40.
Nd6 h5 41. c8=Q+ Kxd6 42. Qc7+ Ke6 43. Bc5 Kf6 44. Qe7+ Kg6 45. g4 hxg4 46.
hxg4 Kh7 47. Qh4+ Kg8 48. g5 f6 49. g6 a3 50. Qh7# 1-0

[Event "4NCL Division Four"]
[Site "Warwick, ENG"]
[Date "2023.05.01"]
[Round "11.155"]
[White "Cann, Harriet"]
[Black "Ryan, John"]
[Result "0-1"]
[WhiteElo "555"]
[BlackElo "1520"]
[PlyCount "54"]
[EventDate "2023.05.01"]
[WhiteTeam "Cambridge University Y2"]
[BlackTeam "Iceni 3"]

1. e4 c5 2. Nf3 d6 3. Bb5+ Nd7 4. O-O a6 5. Bxd7+ Bxd7 6. Nc3 e6 7. d3 h6 8. d4
cxd4 9. Nxd4 Nf6 10. Re1 Be7 11. b4 Rc8 12. Bb2 O-O 13. b5 e5 14. Nf5 Bxf5 15.
exf5 Qa5 16. bxa6 bxa6 17. Ne4 Rfd8 18. Bc3 Rxc3 19. Qd2 Nxe4 20. Rxe4 Qc5 21.
Rc1 Bg5 22. Qe1 Bxc1 23. Qxc1 Rxc2 24. Qxc2 Qxc2 25. f3 Rb8 26. a3 Rb2 27. a4
Qxg2# 0-1

[Event "4NCL Division Four"]
[Site "Warwick, ENG"]
[Date "2023.05.01"]
[Round "11.156"]
[White "Rosenbach, Philip"]
[Black "Wang, Luoling"]
[Result "1-0"]
[WhiteElo "903"]
[BlackElo "603"]
[PlyCount "41"]
[EventDate "2023.05.01"]
[WhiteTeam "Iceni 3"]
[BlackTeam "Cambridge University Y2"]

1. c4 c5 2. g3 e5 3. Bg2 Bd6 4. Nc3 Nf6 5. e3 O-O 6. Nge2 Be7 7. d4 exd4 8.
exd4 cxd4 9. Nxd4 Bc5 10. Be3 Bxd4 11. Bxd4 Nc6 12. O-O Nxd4 13. Qxd4 d6 14.
Rae1 d5 15. cxd5 Nxd5 16. Nxd5 b6 17. Ne7+ Kh8 18. Qxd8 Rxd8 19. Bxa8 Bd7 20.
Rd1 Bh3 21. Rxd8# 1-0

[Event "4NCL Division Four"]
[Site "Warwick, ENG"]
[Date "2023.05.01"]
[Round "11.161"]
[White "Bradley, William"]
[Black "Shek, Daniel"]
[Result "1-0"]
[WhiteElo "1831"]
[BlackElo "1608"]
[PlyCount "107"]
[EventDate "2023.05.01"]
[WhiteTeam "War and Piece B"]
[BlackTeam "Crowthorne B"]

1. e4 c5 2. Nc3 Nc6 3. f4 g6 4. Nf3 Bg7 5. Bb5 Nd4 6. O-O a6 7. Be2 d6 8. d3 e6
9. Nxd4 cxd4 10. Nb1 Ne7 11. Nd2 O-O 12. Nf3 Nc6 13. Qe1 f5 14. exf5 gxf5 15.
Qh4 Qxh4 16. Nxh4 Bf6 17. Nf3 b5 18. Bd2 Bb7 19. h3 Ne7 20. Bb4 Rad8 21. Bd2
Rc8 22. Bd1 Kf7 23. a4 Nd5 24. axb5 axb5 25. Ra7 Rc7 26. Ng5+ Bxg5 27. fxg5 Ke7
28. Bf3 Rd7 29. Rfa1 Rb8 30. h4 Ne3 31. Bxe3 dxe3 32. Bxb7 Rbxb7 33. Rxb7 Rxb7
34. g3 Rc7 35. c3 e5 36. Kg2 b4 37. c4 e4 38. Re1 exd3 39. Rxe3+ Kd7 40. b3 Ra7
41. Rxd3 Ra2+ 42. Kf3 Rc2 43. Kf4 Ke6 44. Re3+ Kd7 45. Kxf5 Rc3 46. Kf4 Rc1 47.
h5 Rf1+ 48. Kg4 Rc1 49. g6 hxg6 50. hxg6 Rc3 51. Rf3 Ke7 52. g7 Rxf3 53. Kxf3
Kf7 54. Ke4 1-0

[Event "4NCL Division Four"]
[Site "Warwick, ENG"]
[Date "2023.05.01"]
[Round "11.162"]
[White "Leadbetter, Scott"]
[Black "Ross, David C"]
[Result "1-0"]
[WhiteElo "1549"]
[BlackElo "1695"]
[PlyCount "81"]
[EventDate "2023.05.01"]
[WhiteTeam "Crowthorne B"]
[BlackTeam "War and Piece B"]

1. e4 e5 2. Nf3 Nc6 3. c3 d5 4. Qa4 dxe4 5. Nxe5 Bd7 6. Nxd7 Qxd7 7. Qxe4+ Nge7
8. Bc4 f5 9. Qe2 Qd6 10. Na3 O-O-O 11. d4 Nd5 12. Qf3 g6 13. O-O Be7 14. Re1 h6
15. Nb5 Qd7 16. Nxa7+ Nxa7 17. Bxd5 Qxd5 18. Qxd5 Rxd5 19. Rxe7 Nc6 20. Re6 g5
21. h4 Kd7 22. Rg6 Ne7 23. Rf6 f4 24. Bd2 Nf5 25. hxg5 hxg5 26. Re1 f3 27. g3
Nxd4 28. cxd4 g4 29. Rh6 Ra8 30. Rh7+ Kc6 31. Rc1+ Kb5 32. a3 Rxd4 33. Be3 Re4
34. Rhxc7 Rd8 35. Rxb7+ Ka4 36. Rb4+ Rxb4 37. axb4 Kxb4 38. Rc7 Rd1+ 39. Kh2
Rb1 40. Rg7 Rxb2 41. Rxg4+ 1-0

[Event "4NCL Division Four"]
[Site "Warwick, ENG"]
[Date "2023.05.01"]
[Round "11.163"]
[White "O'Byrne, Daniel"]
[Black "Haslehurst, Harriet"]
[Result "1-0"]
[WhiteElo "1682"]
[BlackElo "1530"]
[PlyCount "47"]
[EventDate "2023.05.01"]
[WhiteTeam "War and Piece B"]
[BlackTeam "Crowthorne B"]

1. d4 d5 2. e3 Nf6 3. Bd3 c5 4. c3 c4 5. Bc2 Nc6 6. f4 Bg4 7. Nf3 Ne4 8. O-O f5
9. Qe1 e6 10. Ne5 Nxe5 11. fxe5 Qg5 12. Ba4+ Kf7 13. Kh1 Be7 14. Nd2 Kg8 15.
Nxe4 fxe4 16. Qg3 h5 17. Rf4 Rf8 18. Bd2 Be2 19. Rxf8+ Kxf8 20. Qf2+ Bf3 21.
gxf3 exf3 22. Qxf3+ Kg8 23. Rf1 h4 24. Bc2 1-0

[Event "4NCL Division Four"]
[Site "Warwick, ENG"]
[Date "2023.05.01"]
[Round "11.164"]
[White "McKean, Matthew"]
[Black "Blair, Jimmy"]
[Result "1/2-1/2"]
[WhiteElo "1503"]
[BlackElo "1499"]
[PlyCount "121"]
[EventDate "2023.05.01"]
[WhiteTeam "Crowthorne B"]
[BlackTeam "War and Piece B"]

1. c4 b6 2. Nc3 Bb7 3. e4 e6 4. g3 g6 5. Bg2 Bg7 6. Nge2 Ne7 7. O-O d6 8. d3
Nd7 9. Be3 h6 10. Qd2 g5 11. f4 g4 12. a4 Nc5 13. Qc2 Nc6 14. b4 Nxb4 15. Qb1
a5 16. d4 Ncd3 17. Rd1 h5 18. Rxd3 Nxd3 19. Qxd3 h4 20. d5 hxg3 21. hxg3 e5 22.
fxe5 Bxe5 23. Bd4 Qg5 24. Rf1 O-O-O 25. Bxe5 dxe5 26. Rf5 Qh6 27. Rxe5 Qd6 28.
Rg5 Rhg8 29. Rxg8 Rxg8 30. e5 Qxe5 31. Be4 Kb8 32. Nd4 Qg5 33. Nc6+ Bxc6 34.
dxc6 Rd8 35. Bd5 Qc1+ 36. Nd1 Re8 37. Kf2 Qh6 38. c5 Qf6+ 39. Kg2 Qh6 40. Nf2
Ka7 41. cxb6+ cxb6 42. Bxf7 Qxc6+ 43. Bd5 Qd7 44. Be4 Qxd3 45. Bxd3 Rd8 46. Bb5
Rd4 47. Kf1 Kb8 48. Ke2 Kc7 49. Ke3 Rb4 50. Ne4 Rb3+ 51. Kf4 Rb4 52. Kf5 Rxb5+
53. axb5 a4 54. Kxg4 a3 55. Nc3 Kd6 56. Kf5 Kc5 57. Ke4 Kc4 58. Na2 Kb3 59. Kd3
Kxa2 60. Kc2 Ka1 61. g4 1/2-1/2